[Event "Emilia Romagna-ch"]
[Site "Piacenza"]
[Date "2024.05.11"]
[Round "3"]
[White "Vaccari, Luigi"]
[Black "Poncini, Nino"]
[Result "1/2-1/2"]
[WhiteElo "1577"]
[BlackElo "1760"]
[PlyCount "54"]
[EventDate "2024.05.10"]
[EventType "swiss"]
[EventRounds "6"]
[EventCountry "ITA"]
[SourceTitle "CB21_2024"]
[SourceDate "2024.05.22"]
[SourceVersion "1"]
[SourceVersionDate "2024.05.22"]
[SourceQuality "1"]

1. d4 Nf6 2. Nf3 g6 3. g3 Bg7 4. Bg2 0-0 5. c4 d6 6. 0-0 Nbd7 7. Nc3 e5 8. e4 Re8 9. d5 Nc5 10. Re1 a5 11. b3 Nfd7 12. Qc2 Nb6 13. Be3 Na6 14. a3 f5 15. Nd2 Rf8 16. f4 exf4 17. Bxf4 fxe4 18. Bxe4 Nc5 19. Rac1 Nxe4 20. Ndxe4 Bf5 21. Qd2 a4 22. c5 dxc5 23. Nxc5 Bxc3 24. Qxc3 Nxd5 25. Qc4 c6 26. Nxb7 Qb6+ 27. Nc5 Rf7 1/2-1/2

[Event "Emilia Romagna-ch"]
[Site "Piacenza"]
[Date "2024.05.10"]
[Round "2"]
[White "Bergamaschi, Elia"]
[Black "Vaccari, Luigi"]
[Result "1-0"]
[WhiteElo "1991"]
[BlackElo "1577"]
[PlyCount "43"]
[EventDate "2024.05.10"]
[EventType "swiss"]
[EventRounds "6"]
[EventCountry "ITA"]
[SourceTitle "CB21_2024"]
[SourceDate "2024.05.22"]
[SourceVersion "1"]
[SourceVersionDate "2024.05.22"]
[SourceQuality "1"]

1. d4 Nf6 2. c4 e5 3. dxe5 Ng4 4. Bf4 g5 5. Bg3 Bg7 6. h4 Nxe5 7. hxg5 Nxc4 8. Nc3 d6 9. Qa4+ Bd7 10. Qxc4 Qxg5 11. Nf3 Qf6 12. e3 Nc6 13. Bd3 Bf5 14. e4 Be6 15. Qb5 0-0-0 16. Rd1 Rde8 17. 0-0 Bg4 18. e5 Qh6 19. exd6 cxd6 20. Bf5+ Bxf5 21. Qxf5+ Kb8 22. Rxd6 1-0